| 000 | 01150nam a2200265Ia 4500 | ||
|---|---|---|---|
| 999 |
_c5728 _d5728 |
||
| 003 | OSt | ||
| 005 | 20200608125531.0 | ||
| 008 | 191128s1967 mx ad fr 000 0 spa d | ||
| 040 |
_aCO-JMCR _cCO-JMCR |
||
| 041 | 1 |
_aspa _heng |
|
| 082 | 0 | 4 |
_a330.0151 / _bC532m _223 |
| 100 | 1 |
_aChiang, Alpha C., _eautor _95186 |
|
| 245 | 1 | 0 |
_aMétodos fundamentales de economía matemática / _bAlpha C. Chiang ; traducción Enrique Molina de Vedia y Alberto Campanero |
| 260 |
_aMéxico ; Buenos Aires : _bAmorrortu : Centro Regional de Ayuda Técnica, _c1967 |
||
| 300 |
_a801 páginas : _bgráficos a blanco y negro ; _c22 cm. |
||
| 490 | 0 | _aBiblioteca de economía política | |
| 505 | 0 | _aAnálisis estático (o de equilibrio) -- Análisis estático-comparativo -- Problemas de optimización -- Análisis dinámico, programación lineal y teoría de los juegos | |
| 534 | _pFundamental methods of mathematical economics | ||
| 546 | _aTraducido del inglés | ||
| 650 | 1 | 4 |
_aEconomía _95187 |
| 650 | 1 | 4 |
_aEconometría _95188 |
| 700 | 1 |
_aMolina de Vedia, Enrique, _etraductor _95189 |
|
| 700 | 1 |
_aCampanero, Alberto, _etraductor _95190 |
|
| 942 |
_2ddc _cBK |
||